| 000 | 00423nam a22001457a 4500 | ||
|---|---|---|---|
| 020 | _qPB. | ||
| 040 | _cFIZZA ISHAQ | ||
| 082 |
_a808.042 _bSYL |
||
| 100 |
_aBARNET,SYLVAN. _9132664 |
||
| 245 |
_aCRITICAL THINKING READING & WRITING A BRIEF GUIDE TO ARGUMENT / _cSYLVAN BARNET. |
||
| 250 | _a2ND ED. | ||
| 260 |
_aNEW YORK; _bBEDFORD BOOKS OF ST.MARTIN,S PRESS, _c1996. |
||
| 300 |
_a342 P. ; _c9.1X5.9IN |
||
| 942 |
_2ddc _cBK |
||
| 999 |
_c615750 _d615750 |
||